Miasta w województwie małopolskim - Statystyki

Ogólne statystyki
  • Ten quiz został rozwiązany 171 razy
  • Średni wynik to 43 z 64
Statystyki odpowiedzi
Populacja Miasto % Poprawnych
804 237 Kraków
100%
80 446 Nowy Sącz
100%
103 515 Tarnów
99%
25 266 Zakopane
97%
27 506 Wieliczka
95%
28 572 Bochnia
94%
33 049 Nowy Targ
94%
17 331 Wadowice
90%
35 806 Oświęcim
88%
14 486 Limanowa
85%
34 129 Chrzanów
84%
32 467 Olkusz
84%
15 980 Brzesko
81%
17 800 Myślenice
81%
16 644 Niepołomice
81%
9 631 Krynica-Zdrój
80%
25 682 Gorlice
77%
11 507 Dąbrowa Tarnowska
76%
8 679 Stary Sącz
76%
12 264 Rabka-Zdrój
74%
18 503 Andrychów
73%
4 452 Muszyna
73%
8 926 Sucha Beskidzka
73%
9 726 Krzeszowice
72%
24 028 Skawina
72%
5 418 Piwniczna-Zdrój
71%
18 613 Trzebinia
71%
10 990 Miechów
70%
5 771 Proszowice
70%
3 614 Zator
70%
4 309 Kalwaria Zebrzydowska
69%
17 772 Kęty
68%
5 288 Szczawnica
68%
3 684 Czarny Dunajec
63%
5 547 Maków Podhalański
62%
7 819 Mszana Dolna
62%
3 258 Alwernia
61%
5 947 Grybów
61%
6 195 Dobczyce
59%
16 039 Libiąż
59%
4 118 Żabno
58%
10 703 Brzeszcze
57%
5 406 Jordanów
56%
1 611 Nowe Brzesko
56%
4 159 Słomniki
56%
8 104 Wolbrom
56%
2 733 Nowy Wiśnicz
55%
3 875 Skała
55%
6 227 Tuchów
53%
4 341 Biecz
52%
3 054 Bobowa
51%
2 487 Ciężkowice
51%
769 Koszyce
51%
2 398 Świątniki Górne
51%
3 137 Wojnicz
51%
6 493 Sułkowice
48%
2 682 Radłów
47%
9 526 Bukowno
46%
4 079 Szczucin
45%
1 571 Zakliczyn
45%
2 304 Czchów
44%
848 Książ Wielki
44%
8 461 Chełmek
43%
2 675 Ryglice
36%
Nie znaleziono quizów pasujących do podanych kryteriów
Rozkład punktacji
Procent ludzi z każdym wynikiem
Percentyl według liczby udzielonych odpowiedzi
Twoja historia wyników
Nie rozwiązałeś tego quizu